00776nam a2200205 a 450000500170000000800410001702000180005805000280007610000250010424500540012926000570018330000220024050000480026252000580031065000300036865000100039865000250040899900190043395201180045220140412111238.0010425s19uu xx 00 eng d a0-8120-3566-6 aTR(GS 612.87bTa18 1985 aParramon, Jose Maria aThe five senses: taste /cby Jose Maria Parramon. aNew York :bBarron's Educational Series, Inc,c1985. a1v. (unp.) ; ill. aTranslationof: Los cinco sentidos-el gusto. aA short scientific explanation of our sense of taste. aTaste-Juvenile literature aTaste aSenses and sensation c102547d102547 001040aELbELcTRd2001-04-25eLib. Fundl0oTR(GS 612.87 Ta18 1985pE2016r2014-04-12 00:00:00w2014-04-12yBK